000 00426nam a2200181Ia 4500
005 20250423094501.0
008 250422s9999 xx 000 0 und d
020 _a0- 13- 032931- 2
050 _aQC 760 .U49/
100 _aUlaby, Fawwaz T.
245 0 _aApplied electromagnetics
260 _aNew Jersey
260 _bPrentice- Hall
260 _c2001
300 _a433 p
650 _aElectromagnetism
942 _cBK
999 _c27374
_d27374